000 01023nam a2200277 a 4500
003 CBULib
005 20240419101022.0
008 210817s2020 ||||||||||||||||| || u
020 _a9789211129823
040 _aCBULib
_bEnglish
_cCBULib
_erda
041 _aeng
050 _aUNCTAD(058)EDAR/2020
110 _aUnited Nations Conference on Trade and Development (UNCTAD)
245 1 0 _aEconomic development in Africa report 2020 : tackling illicit financial flows for sustainable development in Africa
_c/ by United Nations Conference on Trade and Development(UNCTAD)
260 _aGeneva :
_bUnited Nations,
_c2020
300 _axvii, 223 pages : illustrations
336 _2rdacontent
_aText |
_btxt
337 _2rdamedia
_aUnmediated |
_bn
338 _2rdacarrier
_aVolume
_bnc
650 _aSUSTAINABLE DEVELOPMEMT--AFRICA
650 _aFINANCIAL FLOWS
650 _aTAX EVASION--AFRICA
650 _aFINANCIAL CRIME
942 _2mc
_c029
999 _c40796
_d40796